000 00430pab a2200169 454500
008 180718b2009 xxu||||| |||| 00| 0 eng d
100 _aGhosh, Sailendra Nath
245 _aNeeded: India's positive role for universal nuclear disarmament
260 _c2009
300 _ap.17-22.
362 _a26 Dec
650 _aDisarmament
650 _aNuclear nonproliferation
773 _aMainstream
908 _aN
909 _a85245
999 _c85245
_d85245